000 00813cam a2200229 i 4500
005 20260204122559.0
008 250721s2002 jo gr 000 0 ara d
082 1 4 _a616.842
_bص ف د
100 1 _aالصفدي، عصام
_eمؤلف.
245 1 2 _aالإعاقة الحركية والشلل الدماغي /
_cتأليف د. عصام حمدي الصفدي.
250 _aالطبعة الأولى.
264 3 1 _aعمان :
_bدار الياوزري،
_c2002.
300 _a221 صفحة.
650 1 7 _aالشلل.
650 1 7 _aأمراض الجهاز العصبي.
650 1 7 _aإضطربات الحركة.
650 1 7 _aالشلل الدماغي.
650 1 7 _aالإعاقة.
650 1 7 _aالمعوقيون حركياً.
942 _2ddc
_cBK
999 _c26994
_d26994